نزهة الفكر فيما مضى من الحوادث والعبر فى تراجم رجال القرن الثانى عشر والثالث عشر قطعة منه / (رقم التسجيلة. 180115)

تفاصيل مارك
000 -LEADER
fixed length control field 01517namaa22003251i 4500
003 - CONTROL NUMBER IDENTIFIER
control field EG-GICUC
005 - DATE AND TIME OF LATEST TRANSACTION
control field 20260513101828.0
008 - FIXED-LENGTH DATA ELEMENTS--GENERAL INFORMATION
fixed length control field 260513m1996199usy ||||jr|||| 001 0cara d
017 ## - COPYRIGHT OR LEGAL DEPOSIT NUMBER
Copyright or legal deposit number 1996 / 11 / 1611
040 ## - CATALOGING SOURCE
Original cataloging agency EG-GiCUC
Language of cataloging ara
Transcribing agency EG-GiCUC
Modifying agency EG-GiCUC
Description conventions rda
043 ## - GEOGRAPHIC AREA CODE
Geographic area code ma-----
082 04 - DEWEY DECIMAL CLASSIFICATION NUMBER
Edition number 21
Classification number 920
Item number H132
092 04 - LOCALLY ASSIGNED DEWEY CALL NUMBER (OCLC)
Edition number 21
Classification number 920
Item number H132
099 ## - LOCAL FREE-TEXT CALL NUMBER (OCLC)
Classification number 920 H132 1996
100 1# - MAIN ENTRY--PERSONAL NAME
Personal name الهاشمى، أحمد بن محمد الحضراوى المكى
Relator term مؤلف.
245 10 - TITLE STATEMENT
Title نزهة الفكر فيما مضى من الحوادث والعبر فى تراجم رجال القرن الثانى عشر والثالث عشر قطعة منه /
Statement of responsibility, etc. تأليف أحمد بن محمد الحضراوى المكى الهاشمى ؛ حققه محمد المصرى
264 ## - PRODUCTION, PUBLICATION, DISTRIBUTION, MANUFACTURE, AND COPYRIGHT NOTICE
Place of production, publication, distribution, manufacture دمشق (سوريا) :
Name of producer, publisher, distributor, manufacturer منشورات وزارة الثقافة،
Date of production, publication, distribution, manufacture, or copyright notice 1996-
300 ## - PHYSICAL DESCRIPTION
Extent مجلدات 2 ؛
Dimensions 24 سم
336 ## - CONTENT TYPE
Source rdacontent
Content type term text
337 ## - MEDIA TYPE
Source rdamedia
Media type term Unmediated
338 ## - CARRIER TYPE
Source rdacarrier
Carrier type term volume
490 ## - SERIES STATEMENT
Series statement وزارة الثقافة احياء التراث العربى ؛
Volume/sequential designation 101، 102
500 ## - GENERAL NOTE
General note القسم الاول . أ-ز -- القسم الثانى . س-ق
504 ## - BIBLIOGRAPHY, ETC. NOTE
Bibliography, etc. note يشتمل على ارجاعات ببليوجرافية وكشافات وفهارس.
541 ## - IMMEDIATE SOURCE OF ACQUISITION NOTE
Source of acquisition د. جابر عصفور ؛
Address القاهرة ؛
Method of acquisition إهداء ؛
Date of acquisition 2024.
650 17 - SUBJECT ADDED ENTRY--TOPICAL TERM
Topical term or geographic name entry element الاسلام
Form subdivision تراجم
General subdivision تاريخ
Source of heading or term qrmak
700 1# - ADDED ENTRY--PERSONAL NAME
Personal name المصرى، محمد
Relator term محقق.
905 ## - Cataloger and Reviser Names
Cataloger Name Nermeen_El Mawardy
942 ## - ADDED ENTRY ELEMENTS (KOHA)
Source of classification or shelving scheme Dewey Decimal Classification
Koha item type Books
Edition 21
Suppress in OPAC No
المقتنيات
Withdrawn status Lost status Source of classification or shelving scheme Damaged status Not for loan Home library Current library Date acquired Inventory number Total checkouts Full call number Barcode Date last seen Price effective from Koha item type
    Dewey Decimal Classification   Not for loan المكتبة المركزبة الجديدة - جامعة القاهرة قاعة المكتبات المهداة - الدور الرابع 13.05.2026 175389   920 H132 1996 v.1 Ref. J.U. 01000100175389001 13.05.2026 13.05.2026 Books
    Dewey Decimal Classification   Not for loan المكتبة المركزبة الجديدة - جامعة القاهرة قاعة المكتبات المهداة - الدور الرابع 13.05.2026 175389   920 H132 1996 v.2 Ref. J.U. 01000100175389002 13.05.2026 13.05.2026 Books
Cairo University Libraries Portal Implemented & Customized by: Eng. M. Mohamady Contacts: new-lib@cl.cu.edu.eg | cnul@cl.cu.edu.eg
CUCL logo CNUL logo
© All rights reserved — Cairo University Libraries
CUCL logo
Implemented & Customized by: Eng. M. Mohamady Contact: new-lib@cl.cu.edu.eg © All rights reserved — New Central Library
CNUL logo
Implemented & Customized by: Eng. M. Mohamady Contact: cnul@cl.cu.edu.eg © All rights reserved — Cairo National University Library